Football - Ont-ils plus de 500 buts ? (mort subite) - Statistiques

Statistiques générales
  • Ce quiz a été pris 5 973 fois
  • Le résultat moyen est 5 sur 16
Answers on the Grid
Answers color-coded by a green-red scale on the quiz's grid according to % correct below.
Cristiano Ronaldo
Ronaldo Nazario
Lionel Messi
Robert Lewandowski
Sergio Aguëro
Diego Maradona
Joseph Bican
Karim Benzema
Neymar jr.
Gonzalo Higuain
Zlatan Ibrahimovic
Alfredo Di Stefano
Marco Van Basten
Robin Van Persie
Ruud Van Nistelrooy
Johan Cruyff
Thierry Henry
Gerd Müller
Samuel Eto'o
Ferenc Puskas
Romario
Romelu Lukaku
Erwin Helmchen
Inoxtag
Pelé
David Villa
Erling Haaland
Luis Suarez
Edinson Cavani
Eusébio
Uwe Seeler
Karl-Heinz Rummenigge
 
Statistiques - réponses
Réponse % Correct
Lionel Messi
67%
Cristiano Ronaldo
61%
Pelé
56%
Robert Lewandowski
49%
Luis Suarez
37%
Gerd Müller
34%
Karim Benzema
32%
Zlatan Ibrahimovic
31%
Ferenc Puskas
22%
Alfredo Di Stefano
18%
Eusébio
18%
Joseph Bican
13%
Romario
13%
David Villa
3%
Erwin Helmchen
3%
Uwe Seeler
3%
Aucun quiz correspondant
Distribution des résultats
% des personnes avec chaque résultat
Percentile par nombre de réponses
Votre historique - résultats
Vous n’avez pas pris ce quiz